| Tag |
First Indicator |
Second Indicator |
Subfields |
| LEADER |
00000cam a2200000 4500 |
| 001 |
in00000083759 |
| 005 |
20151008053146.0 |
| 008 |
720105s1933 nyu 00000 eng u |
| 010 |
|
|
|a 33034555
|
| 035 |
|
|
|a (OCoLC)00191009
|
| 035 |
|
|
|9 AAH6461AM
|
| 040 |
|
|
|c KSU
|d TXA
|d UtOrBLW
|
| 049 |
|
|
|a TXAM
|c [133472]
|
| 050 |
|
0 |
|a TF23
|b .S85
|
| 092 |
|
|
|a 385
|b S848s
|
| 100 |
1 |
|
|a Stevers, Martin D.
|
| 245 |
1 |
0 |
|a Steel trails ;
|b the epic of the railroads /
|c [by] Martin D. Stevers.
|
| 264 |
|
1 |
|a New York :
|b Minton, Balch & company,
|c [1933]
|
| 264 |
|
4 |
|c [©1933]
|
| 300 |
|
|
|a x, 374 pages :
|b illustrations ;
|c 24 cm.
|
| 336 |
|
|
|a text
|b txt
|2 rdacontent
|
| 337 |
|
|
|a unmediated
|b n
|2 rdamedia
|
| 338 |
|
|
|a volume
|b nc
|2 rdacarrier
|
| 650 |
|
0 |
|a Railroads
|z United States
|x History.
|
| 999 |
|
|
|a MARS
|
| 999 |
f |
f |
|s 64992cb9-3081-3958-881f-43fde8484882
|i 63603155-952e-3edc-847e-497fe1067d73
|t 0
|
| 952 |
f |
f |
|p ric
|a Texas A&M University
|b Rellis Campus
|c Joint Library Facility
|d Remote Storage
|t 0
|e TF23 .S85
|h Library of Congress classification
|i unmediated -- volume
|m A14800878769
|
| 998 |
f |
f |
|a TF23 .S85
|t 0
|l Remote Storage
|